Losowe szóstki geograficzne - Statystyki

Ogólne statystyki
  • Ten quiz został rozwiązany 5 723 razy
  • Średni wynik to 21 z 36
Statystyki odpowiedzi
Kategoria Odpowiedź % Poprawnych
Sąsiedzi Włoch Francja
95%
Hiszpańskie miasta o populacji powyżej 500 tysięcy osób Madryt
95%
Oficjalne języki ONZ Angielski
94%
Hiszpańskie miasta o populacji powyżej 500 tysięcy osób Barcelona
94%
Członkowie założyciele UE Francja
93%
Sąsiedzi Włoch Szwajcaria
93%
Sąsiedzi Włoch Austria
92%
Sąsiedzi Indii Chiny
91%
Państwa nad Renem Niemcy
91%
Najdłuższe rzeki kontynentów Nil
90%
Państwa nad Renem Francja
88%
Wyspiarskie państwa Afryki Madagaskar
88%
Sąsiedzi Włoch San Marino
88%
Sąsiedzi Włoch Watykan
88%
Najdłuższe rzeki kontynentów Amazonka
87%
Oficjalne języki ONZ Francuski
87%
Oficjalne języki ONZ Hiszpański
87%
Sąsiedzi Indii Pakistan
87%
Sąsiedzi Włoch Słowenia
87%
Członkowie założyciele UE Belgia
86%
Sąsiedzi Indii Nepal
86%
Państwa nad Renem Austria
85%
Państwa nad rzeką Mekong Chiny
85%
Państwa nad Renem Szwajcaria
85%
Członkowie założyciele UE Holandia
84%
Sąsiedzi Indii Bangladesz
82%
Azjatyckie miasta-gospodarze Igrzysk Olimpijskich Pekin
82%
Sąsiedzi Etiopii Somalia
82%
Azjatyckie miasta-gospodarze Igrzysk Olimpijskich Tokio
81%
Członkowie założyciele UE Włochy
81%
Sąsiedzi Etiopii Sudan
80%
Oficjalne języki ONZ Chiński
78%
Państwa nad Renem Holandia
77%
Sąsiedzi Etiopii Kenia
77%
Członkowie założyciele UE Luksemburg
77%
Wyspiarskie państwa Afryki Republika Zielonego Przylądka
77%
Sąsiedzi Indii Bhutan
76%
Sąsiedzi Etiopii Erytrea
76%
Sąsiedzi Etiopii Sudan Południowy
75%
Państwa nad rzeką Mekong Wietnam
75%
Wyspiarskie państwa Afryki Seszele
74%
Wyspiarskie państwa Afryki Wyspy Świętego Tomasza i Książeca
74%
Państwa nad rzeką Mekong Laos
73%
Sąsiedzi Indii Mjanma
73%
Państwa nad rzeką Mekong Tajlandia
73%
Najdłuższe rzeki kontynentów Wołga
73%
Sąsiedzi Etiopii Dżibuti
71%
Krainy celtyckie Irlandia
71%
Państwa nad rzeką Mekong Mjanma
71%
Państwa nad Renem Liechtenstein
70%
Oficjalne języki ONZ Rosyjski
70%
Miasta nad Morzem Śródziemnym powyżej 2 milionów mieszkańców Rzym
70%
Państwa nad rzeką Mekong Kambodża
69%
Wyspiarskie państwa Afryki Mauritius
66%
Wyspiarskie państwa Afryki Komory
65%
Amerykańskie miasta-gospodarze Igrzysk Olimpijskich Los Angeles
65%
Krainy celtyckie Szkocja
65%
Krainy celtyckie Walia
63%
Azjatyckie miasta-gospodarze Igrzysk Olimpijskich Seul
62%
Hiszpańskie miasta o populacji powyżej 500 tysięcy osób Sewilla
62%
Najdłuższe rzeki kontynentów Missisipi
60%
Hiszpańskie miasta o populacji powyżej 500 tysięcy osób Walencja
58%
Najdłuższe rzeki kontynentów Jangcy
56%
Stolice na literę R Rzym
55%
Oficjalne języki ONZ Arabski
51%
Stolice na literę R Ryga
47%
Członkowie założyciele UE Niemcy Zachodnie
45%
Miasta nad Morzem Śródziemnym powyżej 2 milionów mieszkańców Algier
44%
Hiszpańskie miasta o populacji powyżej 500 tysięcy osób Málaga
43%
Stolice na literę R Reykjavík
40%
Stolice państw rozpoczynające się od "Port" Port-au-Prince
38%
Stolice na literę R Rabat
36%
Miasta nad Morzem Śródziemnym powyżej 2 milionów mieszkańców Aleksandria
35%
Amerykańskie miasta-gospodarze Igrzysk Olimpijskich Atlanta
34%
Stolice państw rozpoczynające się od "Port" Port-of-Spain
31%
Stolice na literę R Rijad
31%
Amerykańskie miasta-gospodarze Igrzysk Olimpijskich Salt Lake City
31%
Stolice państw rozpoczynające się od "Port" Port Moresby
28%
Miasta nad Morzem Śródziemnym powyżej 2 milionów mieszkańców Trypolis
28%
Stany Australii Nowa Południowa Walia
26%
Hiszpańskie miasta o populacji powyżej 500 tysięcy osób Saragossa
26%
Stany Australii Tasmania
25%
Azjatyckie miasta-gospodarze Igrzysk Olimpijskich Pjongczang
24%
Stany Australii Queensland
24%
Azjatyckie miasta-gospodarze Igrzysk Olimpijskich Sapporo
24%
Stany Nowej Anglii Maine
22%
Krainy celtyckie Wyspa Man
22%
Stolice państw rozpoczynające się od "Port" Port Louis
21%
Miasta nad Morzem Śródziemnym powyżej 2 milionów mieszkańców Bejrut
19%
Krainy celtyckie Bretania
19%
Stany Nowej Anglii New Hampshire
19%
Stolice państw rozpoczynające się od "Port" Porto-Novo
19%
Stany Nowej Anglii Rhode Island
19%
Stany Nowej Anglii Vermont
19%
Stany Australii Australia Zachodnia
18%
Stany Nowej Anglii Massachusetts
18%
Stany Australii Victoria
18%
Stany Nowej Anglii Connecticut
16%
Stolice państw rozpoczynające się od "Port" Port Vila
16%
Krainy celtyckie Kornwalia
15%
Stany Australii Australia Południowa
14%
Najdłuższe rzeki kontynentów Murray
13%
Azjatyckie miasta-gospodarze Igrzysk Olimpijskich Nagano
12%
Amerykańskie miasta-gospodarze Igrzysk Olimpijskich Saint Louis
12%
Miasta nad Morzem Śródziemnym powyżej 2 milionów mieszkańców Izmir
11%
Amerykańskie miasta-gospodarze Igrzysk Olimpijskich Lake Placid
11%
Stolice na literę R Roseau
10%
Amerykańskie miasta-gospodarze Igrzysk Olimpijskich Squaw Valley
5%
Nie znaleziono quizów pasujących do podanych kryteriów
Rozkład punktacji
Procent ludzi z każdym wynikiem
Percentyl według liczby udzielonych odpowiedzi
Twoja historia wyników
Nie rozwiązałeś tego quizu